000 00749nam a22002297a 4500
999 _c18415
_d18415
003 AR-CdUCM
008 190319b ||||| |||| 00| 0 spa d
040 _aMUNICIPALIDAD PROVINCIAL DEL CUSCO
_cBIBLIOTECA MUNICIPAL DEL CUSCO
082 _a808.882 /
_bC70
245 _aCitas del presidente Mao Tsetung /
260 _aMéxico :
_bGrijalbo,
_c1973.
300 _a168 páginas ;
_c21 cm.
440 _aColección 70
_92202
500 _aLibro empastado
505 _aContenido: El partido comunismo -- Clases y lucha de clases -- Socialismo y comunismo ...
650 _aMao, Tse Tung, 1893-1976
_919694
650 _aComunismo
_9495
650 _aPolítica y gobierno
_92693
650 _aSiglo XX
_98
942 _2ddc
_cLIBROS
945 _arcc